LIBRARY & INFORMATION CENTRE, KCAET, TAVANUR

ONLINE PUBLIC ACCESS CATALOGUE (OPAC)

Methods of test for aggregates for concrete part-1 particle size and shape IS: 2386-1963 / (Record no. 9952)

MARC details
000 -LEADER
fixed length control field 00992cam a2200157ua 4500
041 ## - LANGUAGE CODE
Language code of text/sound track or separate title eng
082 ## - DEWEY DECIMAL CLASSIFICATION NUMBER
Classification number 620.1
Item number BUR/ME
100 ## - MAIN ENTRY--AUTHOR NAME
Personal name Bureau of Indian standards, .
245 00 - TITLE STATEMENT
Title Methods of test for aggregates for concrete part-1 particle size and shape IS: 2386-1963 /
260 ## - PUBLICATION, DISTRIBUTION, ETC. (IMPRINT)
Place of publication :
Name of publisher Bureau of Indian standards ,
Year of publication 1989.
300 ## - PHYSICAL DESCRIPTION
Number of Pages 19 ; .
942 ## - ADDED ENTRY ELEMENTS (KOHA)
Koha item type Books
Holdings
Withdrawn status Lost status Damaged status Home library Current library Date acquired Full call number Accession Number Koha item type
      KAUAET KAUAET 07/04/2012 620.1 17147 Standards
free website counter